| 000 | 00784nam a2200205Ii 4500 | ||
|---|---|---|---|
| 003 | JO-AjNU | ||
| 008 | 230605s9999||||xx |||||||||||||| ||und|| | ||
| 040 |
_aJO-AjNU _bara _erda _cJO-AjNU |
||
| 041 | _aara | ||
| 050 | 1 | 4 | _aQA11.P61712 2004 |
| 100 | 3 |
_aPosamentier, Alfred S , Jay Stepelman, ترجمة: حسن مظفر الرزو ؛ مراجعة: صالح عوض عرم , _eauthor _921926 |
|
| 245 | 0 | 0 | _aتعليم الرياضيات للمرحلة الثانوية اساليب ووحدات اثرائية |
| 250 | _aط1 | ||
| 264 | 3 | 1 | _aالعين:دار الكتاب الجامعي ، 2004 |
| 300 | _a639ص | ||
| 336 |
_atext _btxt _2rdacontent |
||
| 337 |
_aunmediated _bn _2rdamedia |
||
| 338 |
_avolume _bnc _2rdacarrier |
||
| 650 | 4 |
_aالرياضيات - تعلم _921927 |
|
| 999 |
_aA7699 _c11267 _d11267 |
||